01871nam a22003977a 4500003000500000005001700005008004100022010000900063011000900072035000900081040000900090082001600099110013100115245001900246260004700265300002600312500001100338500004800349590004100397590004100438590004100479590004200520650002800562650006300590901000700653942001000660949006300670949006300733949006300796949006300859999001500922952013400937952013401071952013401205952013401339CHAP20220329133220.0971013s1985 r 00010 d a3479 a4451 a3654 cCHAP a631.523bU6 aUniversidad Nacional Autónoma de México. Centro de Investigación sobre Ingeniería Genética y Biotecnología9116497 aInforme, 1985- aCuernavaca, Mor. :bLa Universidad,c1985- av.b: ilus. ; gráfs aD50-47 aLa biblioteca tiene: 1985, 1987, 1988, 1990 aBATCH-UPDb10c20130110lUCH01h1957 aBATCH-UPDb10c20130410lUCH01h1317 aBATCH-UPDb10c20130914lUCH01h0639 aCONVERSIONb10c20130109lUCH01h130314aBiotecnología.91287814aIngeniería genéticaxInvestigaciónxMéxico.958234 aBK cLIBRO a631.523 U6bBCcLIBROd-13179eLIBROf1985h70836i3654si a631.523 U6bBCcLIBROd-72517eLIBROf1987h73918i3654si a631.523 U6bBCcLIBROd-72518eLIBROf1988h84157i3654si a631.523 U6bBCcLIBROd-72519eLIBROf1990h79780i3654si c3479d3479 00102ddc4052708GRALaBCbBCcPP_GRALd2019-12-31fLIBROl0o631.523 U6p-13179r2019-12-31 00:00:00t1985w2019-12-31yLIBRO 00102ddc4052708GRALaBCbBCcPP_GRALd2019-12-31fLIBROl0o631.523 U6p-72517r2019-12-31 00:00:00t1987w2019-12-31yLIBRO 00102ddc4052708GRALaBCbBCcPP_GRALd2019-12-31fLIBROl0o631.523 U6p-72518r2019-12-31 00:00:00t1988w2019-12-31yLIBRO 00102ddc4052708GRALaBCbBCcPP_GRALd2019-12-31fLIBROl0o631.523 U6p-72519r2019-12-31 00:00:00t1990w2019-12-31yLIBRO